Poéticas de lo viviente, lo animal y lo impersonal
Αποθηκεύτηκε σε:
| Κύριος συγγραφέας: | |
|---|---|
| Μορφή: | Άγνωστο |
| Γλώσσα: | Αγγλικά |
| Έκδοση: |
Santiago, Chile
Metales Pesados
2020
|
| Θέματα: | |
| Ετικέτες: |
Προσθήκη ετικέτας
Δεν υπάρχουν, Καταχωρήστε ετικέτα πρώτοι!
|
MARC
| LEADER | 00000 a2200000 4500 | ||
|---|---|---|---|
| 003 | CL-VaPUC | ||
| 005 | 20220224074254.0 | ||
| 008 | 200320b ||||| |||| 00| 0 eng d | ||
| 999 | |c 422772 |d 422770 | ||
| 020 | |a 9789566048152 | ||
| 040 | |c Pontificia Universidad Católica de Valparaíso | ||
| 082 | 0 | 4 | |2 21 |a 701.17 AYA 2020 |
| 100 | 1 | |a Ayala Munita, Matías |9 737681 | |
| 245 | 1 | 0 | |a Poéticas de lo viviente, lo animal y lo impersonal |
| 260 | 3 | |b Metales Pesados |c 2020 |a Santiago, Chile | |
| 300 | |a 171 páginas | ||
| 505 | |a Poéticas de lo animal y lo impersonal. Poéticas del morir y la violencia. Hacia una biopolítica afirmativa. | ||
| 583 | |k Hugo Gaete |c 20200320 | ||
| 650 | 0 | 0 | |a Estética |9 264950 |
| 650 | 0 | 0 | |a Poética |9 266624 |
| 650 | 0 | 0 | |9 378364 |a IMAGINACION EN LA LITERATURA |
| 942 | |2 ddc |c BK | ||
| 952 | |0 0 |1 0 |2 ddc |4 0 |6 701_170000000000000_AYA_2020 |7 0 |8 A |9 561685 |a BIBART |b BIBART |d 2020-03-18 |e 4 |g 12000.00 |i 5574382 |l 7 |o 701.17 AYA 2020 |p 5574382 |r 2025-03-13 |s 2023-04-03 |t 1 |v 12000.00 |w 2020-03-18 |y BK |k ART | ||